Computer System Architecture (Record no. 11460)

MARC details
000 -LEADER
fixed length control field 00362nam a22001577a 4500
003 - CONTROL NUMBER IDENTIFIER
control field OSt
008 - FIXED-LENGTH DATA ELEMENTS--GENERAL INFORMATION
fixed length control field 220823b ||||| |||| 00| 0 eng d
020 ## - INTERNATIONAL STANDARD BOOK NUMBER
International Standard Book Number 9789332585607
082 ## - DEWEY DECIMAL CLASSIFICATION NUMBER
Classification number 004.22 MOC
100 ## - MAIN ENTRY--PERSONAL NAME
Personal name MANO,Morris M
245 ## - TITLE STATEMENT
Title Computer System Architecture
250 ## - EDITION STATEMENT
Edition statement 3rd
260 ## - PUBLICATION, DISTRIBUTION, ETC. (IMPRINT)
Place of publication, distribution, etc Noida
Name of publisher, distributor, etc Peaarson
Date of publication, distribution, etc 2022
300 ## - PHYSICAL DESCRIPTION
Extent 586
942 ## - ADDED ENTRY ELEMENTS (KOHA)
Source of classification or shelving scheme Dewey Decimal Classification
Koha item type Text Books
942 ## - ADDED ENTRY ELEMENTS (KOHA)
-- 32
Holdings
Withdrawn status Lost status Source of classification or shelving scheme Damaged status Not for loan Collection code Home library Current library Date acquired Source of acquisition Currency Cost, normal purchase price Bill Number Total Checkouts Full call number Acc. no. / Barcode Date last seen Date last borrowed Actual Cost, discounted price Bill Date Koha item type
    Dewey Decimal Classification     BCA PIET C-LIBRARY PIET C-LIBRARY 22/08/2022 Kirti Prakashan Indian Rup 799.00 IN762 9 004.22 MOC BC1875 11/12/2023 23/11/2023 543.00 20/08/2022 Text Books
    Dewey Decimal Classification     BCA PIET C-LIBRARY PIET C-LIBRARY 22/08/2022 Kirti Prakashan Indian Rup 799.00 IN762 3 004.22 MOC BC1876 08/01/2024 05/08/2023 543.00 20/08/2022 Text Books
    Dewey Decimal Classification     BCA PIET C-LIBRARY PIET C-LIBRARY 22/08/2022 Kirti Prakashan Indian Rup 799.00 IN762 10 004.22 MOC BC1877 11/12/2023 07/12/2023 543.00 20/08/2022 Text Books
    Dewey Decimal Classification     BCA PIET C-LIBRARY PIET C-LIBRARY 22/08/2022 Kirti Prakashan Indian Rup 799.00 IN762 4 004.22 MOC BC1878 12/02/2024 29/07/2023 543.00 20/08/2022 Text Books
    Dewey Decimal Classification     BCA PIET C-LIBRARY PIET C-LIBRARY 22/08/2022 Kirti Prakashan Indian Rup 799.00 IN762   004.22 MOC BC1879 23/08/2022   543.00 20/08/2022 Text Books
    Dewey Decimal Classification     BCA PIET C-LIBRARY PIET C-LIBRARY 22/08/2022 Kirti Prakashan Indian Rup 799.00 IN762 10 004.22 MOC BC1880 18/12/2023 07/12/2023 543.00 20/08/2022 Text Books
    Dewey Decimal Classification     BCA PIET C-LIBRARY PIET C-LIBRARY 22/08/2022 Kirti Prakashan Indian Rup 799.00 IN762 9 004.22 MOC BC1881 13/11/2024 07/11/2024 543.00 20/08/2022 Text Books
    Dewey Decimal Classification     BCA PIET C-LIBRARY PIET C-LIBRARY 22/08/2022 Kirti Prakashan Indian Rup 799.00 IN762 11 004.22 MOC BC1882 18/12/2023 07/12/2023 543.00 20/08/2022 Text Books
    Dewey Decimal Classification     BCA PIET C-LIBRARY PIET C-LIBRARY 22/08/2022 Kirti Prakashan Indian Rup 799.00 IN762 8 004.22 MOC BC1883 13/12/2023 23/11/2023 543.00 20/08/2022 Text Books
    Dewey Decimal Classification     BCA PIET C-LIBRARY PIET C-LIBRARY 22/08/2022 Kirti Prakashan Indian Rup 799.00 IN762 6 004.22 MOC BC1884 11/12/2023 28/11/2023 543.00 20/08/2022 Text Books

Design & Developed by: PIET Central Library
R70 Miles Stone Pattikalyana Samalkha Panipat 132102
mail ID :- [email protected], Phone No:- 0180-2569700 Ex.216